000 00669nam a2200241 a 4500
003 AR-BaBNM
005 20251128203336.0
008 082120s2002 ||||||||||||||000 | spa||
040 _cAR-BaBNM
100 1 _aPittao, Rodolfo Luis
245 0 0 _aContabilidad
_borientaciones didácticas
250 _a1ª ed.
260 _aBuenos Aires
_bKapelusz
_c1969
300 _a46 p.
_bil.
490 0 _aCuaderno pedagógico
_vv. 6
650 4 _aOBJETIVOS EDUCACIONALES
650 4 _aPROGRAMAS DE ENSEÑANZA
650 4 _aEVALUACION DEL ALUMNO
653 _aENSEÑANZA DE LA CONTABILIDAD
653 _aPROCESO DE ENSEÑANZA-APRENDIZAJE
942 _cBK
998 _cCarmen
999 _c2978
_d2978